000
00298nam a22001337a 4500
008
170331b xxu||||| |||| 00| 0 eng d
020
_a
2900072900087
041
_a
eng
080
_2
7TH
_a
616-053.2
100
_a
8
101
_a
SHM
245
_a
CHILD DEVELOPMENT
_c
DEHART, G.B
942
_2
udc
_c
BK
999
_c
9236
_d
9236